|
|
|
|
| LEADER |
00000nam a2200000 a 4500 |
| 001 |
vtls001141516 |
| 003 |
SK-MaSNL |
| 005 |
20260507105036.0 |
| 008 |
250414s1990 ru 0 rus |
| 020 |
|
|
|a 521000132
|
| 035 |
|
|
|a SNK000084369
|
| 040 |
|
|
|a SNK
|b slo
|c SNK
|e AACR2
|
| 041 |
0 |
|
|a rus
|
| 044 |
|
|
|a ru
|c RU
|
| 080 |
|
|
|a 929:75(47)"18/19"
|2 1981
|
| 080 |
|
|
|a 75(47)"18/19"
|2 1981
|
| 080 |
|
|
|a 929
|2 1981
|
| 080 |
|
|
|a 882"18/19"
|2 1981
|
| 080 |
|
|
|a 75
|2 2011
|
| 080 |
|
|
|a 75.071.1
|2 2011
|
| 100 |
1 |
|
|a Gunn, Genrich Pavlovič
|4 aut
|9 516058
|
| 245 |
1 |
0 |
|a Očarovannaja Rus
|b Leskov, Nesterov, Blok, Rerich, Chlebnikov, Remizov
|c Genrich Pavlovič Gunn
|
| 260 |
|
|
|a Moskva
|b Iskusstvo
|c 1990
|
| 300 |
|
|
|a 288 s.
|c 17 cm
|
| 650 |
0 |
7 |
|a maliarstvo
|2 SNKPH
|9 812
|
| 650 |
0 |
7 |
|a maliari
|2 SNKPH
|9 3150
|
| 655 |
|
7 |
|a populárno-náučné výklady
|2 SNKPH
|9 308184
|
| 852 |
|
|
|a Slovenská národná knižnica
|
| 919 |
|
|
|a 5-210-0013-2
|
| 954 |
|
|
|a maliari ruskí
|a spisovatelia ruskí
|
| 958 |
|
|
|a OND
|
| 999 |
|
|
|c 794913
|d 796843
|
| 952 |
|
|
|t P60, <04>, [BOOK], {604}
|a SNK
|b SNK
|y VYP
|7 0
|p 17A0360472
|o snkID 94277
|0 0
|1 0
|4 0
|d 2002-10-22
|l 0
|r 2005-01-01 00:00:00
|w 2026-02-24
|